00720cam a2200217 4500001001000000008004100010020001800051035001400069050002000083100002300103245010400126260003100230300002100261500005200282504006000334650001500394650002000409650001500429700002700444700003100471BIO002132 1992 a spa  a968-24-4030-0 aBIO00213200aQH308bW35 19921 aWallace, Robert A.10aConducta y ecología : la ciencia de la vida /cRobert A. Wallace, Jack L. King, Gerald P. Sanders aMéxico :bTrillas,c1992 a286 p. ;c26 cm. aTraducción de : Biology. The Science of life. aIncluye apéndice, bibliografía, glosario e índice10aBiología20aConducta humana30aEcología1 aKing, Jack L.,ecoaut.1 aSander, Gerald P.,ecoaut.